[Event "Eurasia Open Cup 2019"]
[Site "Ekaterinburg"]
[Date "2019.08.05"]
[Round "5.10"]
[White "Zhigalko, Andrey"]
[Black "Postnikov, Daniil"]
[Result "1-0"]
[WhiteElo "2549"]
[BlackElo "2354"]
[Annotator "ChessBase"]
[PlyCount "101"]
[EventDate "2019.07.31"]
[EventType "swiss"]
[EventCountry "RUS"]
[SourceTitle "playchess.com"]
[Source "ChessBase"]
[SourceQuality "1"]
[TimeControl "5400+30"]

1. c4 {[%emt 0:00:00]} Nf6 {[%emt 0:00:00]} 2. Nc3 {[%emt 0:00:00]} d5 {[%emt 0:00:01]} 3. cxd5 {[%emt 0:00:00]} Nxd5 {[%emt 0:00:36]} 4. g3 {[%emt 0:00:00]} g6 {[%emt 0:01:52]} 5. Bg2 {[%emt 0:00:00]} Nb6 {[%emt 0:00:00]} 6. h4 {[%emt 0:02:03]} h6 {[%emt 0:06:54]} 7. d4 {[%emt 0:00:38]} Bg7 {[%emt 0:00:40]} 8. Bf4 {[%emt 0:00:21]} c6 {[%emt 0:02:43]} 9. Nf3 {[%emt 0:03:05]} Be6 {[%emt 0:06:55]} 10. O-O {[%emt 0:07:36]} N8d7 {[%emt 0:06:51]} 11. Qd2 {[%emt 0:10:34]} Nd5 {[%emt 0:04:24]} 12. Nxd5 {[%emt 0:14:36]} Bxd5 {[%emt 0:00:32]} 13. Rfd1 {[%emt 0:02:00]} Qb6 {[%emt 0:03:55]} 14. a4 {[%emt 0:22:11]} a5 {[%emt 0:03:26]} 15. Ra3 {[%emt 0:07:36]} Nf6 {[%emt 0:08:19]} 16. Qc1 {[%emt 0:04:38]} Rd8 {[%emt 0:04:43]} 17. Be5 {[%emt 0:05:05]} O-O {[%emt 0:01:45]} 18. Ne1 {[%emt 0:03:03]} Ng4 {[%emt 0:07:19]} 19. Bxg7 {[%emt 0:01:02]} Kxg7 {[%emt 0:00:04]} 20. e4 {[%emt 0:02:45]} Be6 {[%emt 0:04:03]} 21. Qc3 {[%emt 0:01:13]} Kh7 {[%emt 0:01:48]} 22. Nc2 {[%emt 0:01:34]} f5 {[%emt 0:00:54]} 23. exf5 {[%emt 0:02:58]} Bxf5 {[%emt 0:04:32]} 24. Rb3 {[%emt 0:00:56]} Qa7 {[%emt 0:06:05]} 25. Ne3 {[%emt 0:00:07]} Nxf2 {[%emt 0:02:52]} 26. Kxf2 {[%emt 0:00:13]} Bg4+ {[%emt 0:01:21]} 27. Ke1 {[%emt 0:02:44]} Bxd1 {[%emt 0:00:12]} 28. Nxd1 {[%emt 0:00:36]} Rxd4 {[%emt 0:00:21]} 29. Qe3 {[%emt 0:00:37]} e5 {[%emt 0:01:00]} 30. h5 {[%emt 0:00:31]} gxh5 {[%emt 0:00:42]} 31. Nf2 {[%emt 0:00:22]} Rf7 {[%emt 0:06:55]} 32. Nd3 {[%emt 0:02:03]} Re7 {[%emt 0:02:10]} 33. Nf4 {[%emt 0:00:37]} Qc5 {[%emt 0:02:58]} 34. Be4+ {[%emt 0:02:40]} Kg8 {[%emt 0:01:13]} 35. Ne2 {[%emt 0:00:17]} Qc4 {[%emt 0:00:55]} 36. Bb1 {[%emt 0:00:53]} Qf7 {[%emt 0:00:38]} 37. Ba2 {[%emt 0:01:27]} Red7 {[%emt 0:00:55]} 38. Nxd4 {[%emt 0:00:10]} exd4 {[%emt 0:02:45]} 39. Qf3 {[%emt 0:00:26]} Qxf3 {[%emt 0:00:06]} 40. Rxf3+ {[%emt 0:01:21]} Kg7 {[%emt 0:00:50]} 41. Kd2 {[%emt 0:00:00]} Kg6 {[%emt 0:00:00]} 42. Bb1+ {[%emt 0:01:01]} Kg5 {[%emt 0:01:16]} 43. Rf5+ {[%emt 0:00:07]} Kg4 {[%emt 0:01:01]} 44. Rxa5 {[%emt 0:00:08]} Rf7 {[%emt 0:00:06]} 45. Bd3 {[%emt 0:00:34]} Kxg3 {[%emt 0:00:00]} 46. Rxh5 {[%emt 0:00:10]} Rf6 {[%emt 0:00:00]} 47. a5 {[%emt 0:00:10]} Kf4 {[%emt 0:00:03]} 48. b4 {[%emt 0:00:23]} Rd6 {[%emt 0:01:48]} 49. Rf5+ {[%emt 0:00:20]} Kg4 {[%emt 0:01:50]} 50. Rf7 {[%emt 0:00:51]} c5 {[%emt 0:00:04]} 51. b5 {[%emt 0:00:35]} 1-0

[Event "Eurasia Open Cup 2019"]
[Site "Ekaterinburg"]
[Date "2019.08.05"]
[Round "5.11"]
[White "Fotin, Vladimir"]
[Black "Sivuk, Vitaly"]
[Result "1-0"]
[WhiteElo "2368"]
[BlackElo "2546"]
[Annotator "ChessBase"]
[PlyCount "145"]
[EventDate "2019.07.31"]
[EventType "swiss"]
[EventCountry "RUS"]
[SourceTitle "playchess.com"]
[Source "ChessBase"]
[SourceQuality "1"]
[TimeControl "5400+30"]

1. d4 {[%emt 0:03:15]} Nf6 {[%emt 0:00:00]} 2. Bf4 {[%emt 0:01:28]} g6 {[%emt 0:00:00]} 3. Nc3 {[%emt 0:00:16]} Bg7 {[%emt 0:00:42]} 4. e4 {[%emt 0:00:44]} d6 {[%emt 0:00:00]} 5. Qd2 {[%emt 0:03:55]} c6 {[%emt 0:00:14]} 6. Bh6 {[%emt 0:03:01]} O-O {[%emt 0:03:22]} 7. Bxg7 {[%emt 0:12:08]} Kxg7 {[%emt 0:00:11]} 8. Nf3 {[%emt 0:00:03]} Bg4 {[%emt 0:07:14]} 9. e5 {[%emt 0:03:21]} Nfd7 {[%emt 0:14:52]} 10. exd6 {[%emt 0:37:29]} Bxf3 {[%emt 0:01:03]} 11. gxf3 {[%emt 0:00:22]} exd6 {[%emt 0:00:39]} 12. h4 {[%emt 0:03:19]} Nf6 {[%emt 0:00:28]} 13. O-O-O {[%emt 0:01:23]} d5 {[%emt 0:02:56]} 14. Ne2 {[%emt 0:01:36]} Nbd7 {[%emt 0:16:44]} 15. Ng3 {[%emt 0:00:26]} h5 {[%emt 0:09:26]} 16. Bd3 {[%emt 0:03:23]} Rh8 {[%emt 0:00:29]} 17. Rhg1 {[%emt 0:00:50]} c5 {[%emt 0:06:08]} 18. Qf4 {[%emt 0:06:10]} Rh7 {[%emt 0:01:42]} 19. Bb5 {[%emt 0:02:02]} c4 {[%emt 0:02:01]} 20. Bxd7 {[%emt 0:02:36]} Nxd7 {[%emt 0:02:15]} 21. Qd6 {[%emt 0:00:43]} Nf6 {[%emt 0:04:37]} 22. Qe5 {[%emt 0:00:08]} Kf8 {[%emt 0:00:17]} 23. Rde1 {[%emt 0:00:38]} Rc8 {[%emt 0:02:16]} 24. Re3 {[%emt 0:01:51]} Rc6 {[%emt 0:02:30]} 25. Rge1 {[%emt 0:01:03]} Qc7 {[%emt 0:05:18]} 26. Qe7+ {[%emt 0:03:22]} Qxe7 {[%emt 0:05:11]} 27. Rxe7 {[%emt 0:00:00]} Re6 {[%emt 0:02:26]} 28. R7xe6 {[%emt 0:00:40]} fxe6 {[%emt 0:00:06]} 29. Rxe6 {[%emt 0:00:03]} Rf7 {[%emt 0:00:53]} 30. Kd2 {[%emt 0:01:10]} Kg7 {[%emt 0:00:00]} 31. f4 {[%emt 0:01:14]} Rd7 {[%emt 0:04:52]} 32. f3 {[%emt 0:01:30]} Kf7 {[%emt 0:00:26]} 33. Re5 {[%emt 0:00:00]} b5 {[%emt 0:03:27]} 34. f5 {[%emt 0:00:11]} b4 {[%emt 0:00:30]} 35. Ke3 {[%emt 0:01:42]} Rd6 {[%emt 0:01:37]} 36. fxg6+ {[%emt 0:00:31]} Kxg6 {[%emt 0:00:04]} 37. Rg5+ {[%emt 0:00:05]} Kf7 {[%emt 0:00:03]} 38. Nxh5 {[%emt 0:00:56]} Nxh5 {[%emt 0:01:07]} 39. Rxh5 {[%emt 0:00:37]} Ra6 {[%emt 0:00:00]} 40. Rxd5 {[%emt 0:00:26]} Rxa2 {[%emt 0:00:11]} 41. b3 {[%emt 0:00:52]} Rxc2 {[%emt 0:01:25]} 42. bxc4 {[%emt 0:00:35]} Rxc4 {[%emt 0:01:31]} 43. Rd7+ {[%emt 0:00:00]} Ke6 {[%emt 0:00:34]} 44. Rxa7 {[%emt 0:00:00]} Rc1 {[%emt 0:00:12]} 45. Rb7 {[%emt 0:00:28]} Rb1 {[%emt 0:00:37]} 46. Ke4 {[%emt 0:01:12]} Re1+ {[%emt 0:00:15]} 47. Kd3 {[%emt 0:00:24]} Rd1+ {[%emt 0:00:46]} 48. Ke4 {[%emt 0:00:31]} Re1+ {[%emt 0:00:00]} 49. Kf4 {[%emt 0:00:04]} Rb1 {[%emt 0:00:14]} 50. Rb5 {[%emt 0:00:56]} b3 {[%emt 0:01:35]} 51. h5 {[%emt 0:00:55]} b2 {[%emt 0:00:53]} 52. h6 {[%emt 0:00:08]} Kf7 {[%emt 0:00:55]} 53. Kf5 {[%emt 0:00:49]} Kg8 {[%emt 0:00:00]} 54. Rb7 {[%emt 0:00:33]} Kh8 {[%emt 0:00:23]} 55. f4 {[%emt 0:00:25]} Kg8 {[%emt 0:01:03]} 56. Kf6 {[%emt 0:01:30]} Kh8 {[%emt 0:00:00]} 57. f5 {[%emt 0:00:26]} Kg8 {[%emt 0:00:00]} 58. d5 {[%emt 0:00:00]} Kh8 {[%emt 0:00:00]} 59. d6 {[%emt 0:00:00]} Rd1 {[%emt 0:00:33]} 60. Rxb2 {[%emt 0:00:00]} Rxd6+ {[%emt 0:00:04]} 61. Kg5 {[%emt 0:00:51]} Rd1 {[%emt 0:00:00]} 62. Rb8+ {[%emt 0:00:58]} Kh7 {[%emt 0:00:31]} 63. Rb7+ {[%emt 0:00:00]} Kh8 {[%emt 0:00:43]} 64. f6 {[%emt 0:02:11]} Rg1+ {[%emt 0:00:11]} 65. Kf5 {[%emt 0:00:08]} Rf1+ {[%emt 0:00:04]} 66. Kg6 {[%emt 0:00:19]} Rg1+ {[%emt 0:00:05]} 67. Kf7 {[%emt 0:00:41]} Rf1 {[%emt 0:01:33]} 68. Ke7 {[%emt 0:00:26]} Re1+ {[%emt 0:00:52]} 69. Kf8 {[%emt 0:00:10]} Re6 {[%emt 0:01:03]} 70. f7 {[%emt 0:00:28]} Kh7 {[%emt 0:00:05]} 71. Re7 {[%emt 0:00:38]} Ra6 {[%emt 0:00:08]} 72. Re8 {[%emt 0:01:17]} Ra7 {[%emt 0:01:16]} 73. Rc8 {[%emt 0:00:21]} 1-0

[Event "Eurasia Open Cup 2019"]
[Site "Ekaterinburg"]
[Date "2019.08.05"]
[Round "5.12"]
[White "Moiseenko, Vadim"]
[Black "Klukin, Kirill"]
[Result "1-0"]
[WhiteElo "2523"]
[BlackElo "2325"]
[Annotator "ChessBase"]
[PlyCount "97"]
[EventDate "2019.07.31"]
[EventType "swiss"]
[EventCountry "RUS"]
[SourceTitle "playchess.com"]
[Source "ChessBase"]
[SourceQuality "1"]
[TimeControl "5400+30"]

1. d4 {[%emt 0:17:37]} Nf6 {[%emt 0:00:00]} 2. Bg5 {[%emt 0:00:27]} e6 {[%emt 0:00:00]} 3. Nd2 {[%emt 0:00:11]} h6 {[%emt 0:05:50]} 4. Bh4 {[%emt 0:00:22]} c5 {[%emt 0:00:56]} 5. e3 {[%emt 0:00:13]} Be7 {[%emt 0:01:25]} 6. c3 {[%emt 0:01:32]} d6 {[%emt 0:05:58]} 7. Bd3 {[%emt 0:02:45]} Nbd7 {[%emt 0:01:13]} 8. a4 {[%emt 0:01:36]} cxd4 {[%emt 0:08:23]} 9. exd4 {[%emt 0:00:06]} Nd5 {[%emt 0:03:08]} 10. Bg3 {[%emt 0:00:20]} O-O {[%emt 0:03:41]} 11. h3 {[%emt 0:03:12]} f5 {[%emt 0:05:52]} 12. Ngf3 {[%emt 0:00:00]} N7f6 {[%emt 0:07:37]} 13. c4 {[%emt 0:03:44]} Nb4 {[%emt 0:02:30]} 14. Bb1 {[%emt 0:00:04]} Bd7 {[%emt 0:04:27]} 15. O-O {[%emt 0:00:10]} d5 {[%emt 0:02:50]} 16. Ne5 {[%emt 0:04:53]} Be8 {[%emt 0:00:39]} 17. Re1 {[%emt 0:01:32]} Bh5 {[%emt 0:02:39]} 18. Qb3 {[%emt 0:00:44]} dxc4 {[%emt 0:06:50]} 19. Nexc4 {[%emt 0:02:39]} Bf7 {[%emt 0:05:51]} 20. Ne5 {[%emt 0:00:11]} Qd5 {[%emt 0:01:32]} 21. Nxf7 {[%emt 0:01:10]} Kxf7 {[%emt 0:00:00]} 22. Qe3 {[%emt 0:02:21]} Rac8 {[%emt 0:02:29]} 23. b3 {[%emt 0:07:36]} Bd6 {[%emt 0:05:16]} 24. Bxd6 {[%emt 0:00:16]} Qxd6 {[%emt 0:00:33]} 25. Nc4 {[%emt 0:00:04]} Qd5 {[%emt 0:03:24]} 26. Bxf5 {[%emt 0:00:10]} exf5 {[%emt 0:00:38]} 27. Qe7+ {[%emt 0:00:03]} Kg8 {[%emt 0:00:04]} 28. Qxb4 {[%emt 0:00:05]} Qxd4 {[%emt 0:00:54]} 29. Rad1 {[%emt 0:02:07]} Qc5 {[%emt 0:00:23]} 30. Qxb7 {[%emt 0:04:09]} Rb8 {[%emt 0:02:09]} 31. Qe7 {[%emt 0:00:00]} Qxe7 {[%emt 0:01:41]} 32. Rxe7 {[%emt 0:00:00]} Rxb3 {[%emt 0:00:19]} 33. Rxa7 {[%emt 0:00:19]} Rc8 {[%emt 0:00:08]} 34. Ne5 {[%emt 0:08:17]} Rbc3 {[%emt 0:06:52]} 35. a5 {[%emt 0:04:33]} Re8 {[%emt 0:01:35]} 36. Ng6 {[%emt 0:00:00]} Kh7 {[%emt 0:02:53]} 37. Ne7 {[%emt 0:04:59]} Rc5 {[%emt 0:00:25]} 38. a6 {[%emt 0:04:07]} Re5 {[%emt 0:01:47]} 39. Ra1 {[%emt 0:02:08]} Ne4 {[%emt 0:03:00]} 40. Rc7 {[%emt 0:00:54]} Nd6 {[%emt 0:01:33]} 41. a7 {[%emt 0:00:41]} Ra8 {[%emt 0:00:50]} 42. Rd7 {[%emt 0:00:51]} Nc4 {[%emt 0:01:17]} 43. Nc6 {[%emt 0:00:20]} Rc5 {[%emt 0:00:22]} 44. Ra6 {[%emt 0:00:28]} Ne5 {[%emt 0:01:03]} 45. Nxe5 {[%emt 0:00:38]} Rxe5 {[%emt 0:00:01]} 46. Rb6 {[%emt 0:00:23]} Ra5 {[%emt 0:00:13]} 47. Rbb7 {[%emt 0:00:11]} Rg8 {[%emt 0:00:03]} 48. g3 {[%emt 0:00:41]} Kg6 {[%emt 0:00:13]} 49. Rb8 {[%emt 0:00:34]} 1-0

[Event "Eurasia Open Cup 2019"]
[Site "Ekaterinburg"]
[Date "2019.08.05"]
[Round "5.13"]
[White "Vokhidov, Shamsiddin"]
[Black "Inozemtsev, Sergei"]
[Result "1-0"]
[WhiteElo "2515"]
[BlackElo "2295"]
[Annotator "ChessBase"]
[PlyCount "69"]
[EventDate "2019.07.31"]
[EventType "swiss"]
[EventCountry "RUS"]
[SourceTitle "playchess.com"]
[Source "ChessBase"]
[SourceQuality "1"]
[TimeControl "5400+30"]

1. e4 {[%emt 0:00:00]} e6 {[%emt 0:00:02]} 2. d4 {[%emt 0:01:05]} d5 {[%emt 0:00:01]} 3. Bd3 {[%emt 0:00:37]} Nf6 {[%emt 0:00:02]} 4. e5 {[%emt 0:00:01]} Nfd7 {[%emt 0:00:01]} 5. c3 {[%emt 0:00:02]} c5 {[%emt 0:00:02]} 6. Ne2 {[%emt 0:00:40]} cxd4 {[%emt 0:00:01]} 7. cxd4 {[%emt 0:00:02]} Nc6 {[%emt 0:00:02]} 8. Nd2 {[%emt 0:00:01]} f6 {[%emt 0:00:02]} 9. exf6 {[%emt 0:00:01]} Qxf6 {[%emt 0:00:30]} 10. Nf3 {[%emt 0:00:02]} h6 {[%emt 0:00:02]} 11. O-O {[%emt 0:00:01]} Bd6 {[%emt 0:01:20]} 12. Ng3 {[%emt 0:00:02]} O-O {[%emt 0:00:01]} 13. Bc2 {[%emt 0:00:57]} Rf7 {[%emt 0:13:27]} 14. Nh5 {[%emt 0:00:10]} Qd8 {[%emt 0:01:19]} 15. Bg6 {[%emt 0:00:03]} Re7 {[%emt 0:00:01]} 16. Bf4 {[%emt 0:00:03]} Nf8 {[%emt 0:00:57]} 17. Bc2 {[%emt 0:00:02]} Qc7 {[%emt 0:01:04]} 18. Qd2 {[%emt 0:20:10]} Bd7 {[%emt 0:06:05]} 19. Rfe1 {[%emt 0:10:28]} Be8 {[%emt 0:00:03]} 20. Ng3 {[%emt 0:05:05]} Bg6 {[%emt 0:09:02]} 21. Ba4 {[%emt 0:00:01]} Nd7 {[%emt 0:19:30]} 22. Rac1 {[%emt 0:00:01]} Rf8 {[%emt 0:00:02]} 23. Bxd6 {[%emt 0:14:31]} Qxd6 {[%emt 0:00:01]} 24. Bxc6 {[%emt 0:00:02]} bxc6 {[%emt 0:00:01]} 25. Qc3 {[%emt 0:00:01]} Rc8 {[%emt 0:00:02]} 26. Ne5 {[%emt 0:00:04]} Nxe5 {[%emt 0:00:27]} 27. Rxe5 {[%emt 0:09:51]} Rf7 {[%emt 0:00:01]} 28. Qe3 {[%emt 0:13:23]} Rf6 {[%emt 0:00:02]} 29. Ne2 {[%emt 0:03:33]} Be4 {[%emt 0:00:02]} 30. f3 {[%emt 0:09:39]} Bg6 {[%emt 0:00:01]} 31. Nf4 {[%emt 0:00:01]} Kf7 {[%emt 0:00:02]} 32. Rc5 {[%emt 0:07:58]} Rc7 {[%emt 0:16:19]} 33. h4 {[%emt 0:00:01]} Rb7 {[%emt 0:00:02]} 34. b3 {[%emt 0:03:19]} Rb4 {[%emt 0:06:47]} 35. g4 {[%emt 0:00:01]} 1-0

[Event "Eurasia Open Cup 2019"]
[Site "Ekaterinburg"]
[Date "2019.08.05"]
[Round "5.14"]
[White "Chekletsov, Ilya"]
[Black "Drygalov, Andrey"]
[Result "1/2-1/2"]
[WhiteElo "2374"]
[BlackElo "2494"]
[Annotator "TA"]
[PlyCount "51"]
[EventDate "2019.07.31"]
[EventType "swiss"]
[EventCountry "RUS"]
[SourceTitle "playchess.com"]
[Source "ChessBase"]
[SourceQuality "1"]

{[%evp 9,51,0,21,0,10,8,5,14,25,-26,-18,-37,-30,-20,-16,-74,-78,-87,-65,-85,-86,-69,0,10,20,-78,-78,-74,-76,-104,-103,-101,0,0,0,0,0,0,0,0,0,0,0,0]} 1. d4 Nf6 2. c4 g6 3. Nc3 d5 4. Nf3 Bg7 5. h4 (5. h3 dxc4 6. e4 c5 7. d5 O-O 8. Bxc4 b5 9. Nxb5 Nxe4 10. O-O Ba6 11. Qe2 Nd6 12. Nxd6 Qxd6 {0-1 (94) Meier,G (2628)-Vachier Lagrave,M (2773) Karlsruhe/Baden Baden 2019}) 5... c6 6. Bg5 {D90: Grünfeld: 4 Nf3 Bg7 sidelines} O-O 7. Bxf6 Bxf6 8. h5 g5 9. h6 (9. e3 $142) 9... g4 $146 ({Predecessor:} 9... Bf5 10. e3 e6 11. Bd3 Bg6 12. Qe2 Nd7 {1-0 (40) Gareyev,T (2650)-Yermolinsky,A (2510) Las Vegas 2013}) 10. Ne5 Bxe5 11. dxe5 {[%cal Rc4d5]} dxc4 12. Qc1 (12. e3 $11) 12... Kh8 $1 $17 13. Qf4 Be6 $1 14. e3 b5 15. Be2 f5 (15... Rg8 $15) 16. exf6 $1 $11 {Hoping for Rd1.} Rxf6 17. Qg3 (17. Qg5 $11 {keeps the balance.} Rg6 18. Qe5+ Kg8 19. Qe4) 17... Nd7 $17 18. Rd1 Qb8 19. f4 {[#]} Nc5 $1 {White must now prevent ...b4.} 20. Rh5 {[#]} Qb6 ({Better is} 20... Bf5 $1 $17 21. a3 (21. Bxg4 Nd3+ 22. Kf1 Qg8 $17) 21... Qg8) 21. f5 $1 $11 {The position is equal.} Bf7 22. Qxg4 {[%csl Gh6][%cal Rg4g7]} Rg8 23. Rg5 {Threatening mate with Rxg8+.} Rf8 $1 24. Rh5 {[%csl Gh6][%cal Rg4g7]} Rg8 25. Rg5 {Intending Rxg8+ and mate.} Rf8 $1 26. Rh5 {Accuracy: White = 54%, Black = 74%.} 1/2-1/2

[Event "Eurasia Open Cup 2019"]
[Site "Ekaterinburg"]
[Date "2019.08.05"]
[Round "5.15"]
[White "Balashov, Yuri S"]
[Black "Karpeshov, Oleg"]
[Result "1/2-1/2"]
[WhiteElo "2474"]
[BlackElo "2286"]
[Annotator "ChessBase"]
[PlyCount "75"]
[EventDate "2019.07.31"]
[EventType "swiss"]
[EventCountry "RUS"]
[SourceTitle "playchess.com"]
[Source "ChessBase"]
[SourceQuality "1"]
[TimeControl "5400+30"]

1. Nf3 {[%emt 0:00:00]} Nf6 {[%emt 0:00:00]} 2. c4 {[%emt 0:00:00]} g6 {[%emt 0:00:46]} 3. Nc3 {[%emt 0:00:00]} d5 {[%emt 0:00:47]} 4. cxd5 {[%emt 0:02:33]} Nxd5 {[%emt 0:00:11]} 5. Qa4+ {[%emt 0:01:07]} Nc6 {[%emt 0:09:18]} 6. Ne5 {[%emt 0:02:58]} Ndb4 {[%emt 0:15:38]} 7. a3 {[%emt 0:03:17]} Nc2+ {[%emt 0:01:05]} 8. Qxc2 {[%emt 0:00:09]} Nxe5 {[%emt 0:00:12]} 9. d4 {[%emt 0:02:53]} Nc6 {[%emt 0:10:16]} 10. d5 {[%emt 0:03:08]} Ne5 {[%emt 0:10:34]} 11. f4 {[%emt 0:02:45]} Ng4 {[%emt 0:02:18]} 12. h3 {[%emt 0:07:29]} Nf6 {[%emt 0:01:17]} 13. e4 {[%emt 0:00:10]} Bg7 {[%emt 0:01:50]} 14. Be3 {[%emt 0:00:45]} c6 {[%emt 0:05:28]} 15. dxc6 {[%emt 0:00:51]} bxc6 {[%emt 0:00:17]} 16. Bc4 {[%emt 0:00:43]} O-O {[%emt 0:00:45]} 17. O-O {[%emt 0:00:44]} Qc7 {[%emt 0:03:39]} 18. Qf2 {[%emt 0:12:35]} Nd7 {[%emt 0:01:49]} 19. Rac1 {[%emt 0:04:43]} Qa5 {[%emt 0:02:44]} 20. e5 {[%emt 0:03:38]} Nb6 {[%emt 0:02:00]} 21. Be2 {[%emt 0:06:00]} f6 {[%emt 0:14:35]} 22. exf6 {[%emt 0:11:37]} exf6 {[%emt 0:02:10]} 23. Bc5 {[%emt 0:04:26]} Re8 {[%emt 0:03:19]} 24. Bb4 {[%emt 0:02:56]} Qf5 {[%emt 0:00:23]} 25. Bg4 {[%emt 0:00:32]} Qd3 {[%emt 0:00:15]} 26. Rfd1 {[%emt 0:00:42]} Qa6 {[%emt 0:00:20]} 27. Bf3 {[%emt 0:00:30]} Bd7 {[%emt 0:01:18]} 28. Ne4 {[%emt 0:00:55]} Rad8 {[%emt 0:08:15]} 29. Be2 {[%emt 0:01:20]} Qb7 {[%emt 0:00:50]} 30. Nd6 {[%emt 0:00:11]} Qb8 {[%emt 0:00:09]} 31. Nxe8 {[%emt 0:00:16]} Rxe8 {[%emt 0:00:14]} 32. Bf3 {[%emt 0:02:31]} Nd5 {[%emt 0:01:06]} 33. Bxd5+ {[%emt 0:00:25]} cxd5 {[%emt 0:00:00]} 34. Rxd5 {[%emt 0:00:00]} Be6 {[%emt 0:00:00]} 35. Rd2 {[%emt 0:01:15]} Bf5 {[%emt 0:00:54]} 36. Re1 {[%emt 0:00:57]} Be4 {[%emt 0:01:09]} 37. Rd7 {[%emt 0:04:22]} Bh6 {[%emt 0:00:42]} 38. Qd4 {[%emt 0:01:01]} 1/2-1/2

[Event "Eurasia Open Cup 2019"]
[Site "Ekaterinburg"]
[Date "2019.08.05"]
[Round "5.16"]
[White "Tsybikov, Tumen"]
[Black "Nesterov, Arseniy"]
[Result "0-1"]
[WhiteElo "2281"]
[BlackElo "2451"]
[Annotator "ChessBase"]
[PlyCount "88"]
[EventDate "2019.07.31"]
[EventType "swiss"]
[EventCountry "RUS"]
[SourceTitle "playchess.com"]
[Source "ChessBase"]
[SourceQuality "1"]
[TimeControl "5400+30"]

1. e4 {[%emt 0:00:00]} e5 {[%emt 0:00:00]} 2. f4 {[%emt 0:00:46]} d5 {[%emt 0:00:00]} 3. exd5 {[%emt 0:00:38]} exf4 {[%emt 0:00:00]} 4. Nf3 {[%emt 0:00:00]} Nf6 {[%emt 0:00:44]} 5. Bc4 {[%emt 0:00:44]} Qe7+ {[%emt 0:04:08]} 6. Be2 {[%emt 0:10:54]} Nxd5 {[%emt 0:04:31]} 7. O-O {[%emt 0:00:13]} Nc6 {[%emt 0:08:12]} 8. c4 {[%emt 0:12:27]} Nb6 {[%emt 0:01:04]} 9. d4 {[%emt 0:01:55]} Bg4 {[%emt 0:01:24]} 10. Bxf4 {[%emt 0:20:11]} O-O-O {[%emt 0:00:19]} 11. Nbd2 {[%emt 0:01:59]} Nxd4 {[%emt 0:22:32]} 12. Nxd4 {[%emt 0:01:56]} Bxe2 {[%emt 0:00:02]} 13. Nxe2 {[%emt 0:18:56]} g5 {[%emt 0:00:32]} 14. Bg3 {[%emt 0:05:31]} Qe3+ {[%emt 0:08:13]} 15. Bf2 {[%emt 0:00:08]} Qxd2 {[%emt 0:00:05]} 16. Nd4 {[%emt 0:03:02]} Qxd1 {[%emt 0:03:36]} 17. Raxd1 {[%emt 0:00:16]} Nxc4 {[%emt 0:04:34]} 18. Rc1 {[%emt 0:06:04]} Nd6 {[%emt 0:02:27]} 19. Bg3 {[%emt 0:01:12]} Rd7 {[%emt 0:01:35]} 20. Be5 {[%emt 0:01:33]} Rg8 {[%emt 0:00:05]} 21. Nf5 {[%emt 0:04:20]} Nxf5 {[%emt 0:01:35]} 22. Rxf5 {[%emt 0:00:06]} b6 {[%emt 0:01:59]} 23. Rcf1 {[%emt 0:02:16]} Bc5+ {[%emt 0:00:00]} 24. Kh1 {[%emt 0:00:00]} Rd5 {[%emt 0:01:37]} 25. Bc3 {[%emt 0:00:00]} Rxf5 {[%emt 0:00:05]} 26. Rxf5 {[%emt 0:00:00]} Rd8 {[%emt 0:00:42]} 27. g3 {[%emt 0:01:17]} g4 {[%emt 0:00:56]} 28. Kg2 {[%emt 0:00:04]} Bd4 {[%emt 0:04:44]} 29. Bxd4 {[%emt 0:00:05]} Rxd4 {[%emt 0:00:03]} 30. Rxf7 {[%emt 0:00:12]} Rd2+ {[%emt 0:00:03]} 31. Rf2 {[%emt 0:00:32]} Rxf2+ {[%emt 0:00:53]} 32. Kxf2 {[%emt 0:00:05]} Kd7 {[%emt 0:00:25]} 33. Ke3 {[%emt 0:00:06]} Ke6 {[%emt 0:00:05]} 34. Kf4 {[%emt 0:00:03]} h5 {[%emt 0:00:34]} 35. Kg5 {[%emt 0:00:03]} c5 {[%emt 0:00:20]} 36. Kxh5 {[%emt 0:04:40]} Kf5 {[%emt 0:00:05]} 37. Kh4 {[%emt 0:00:04]} c4 {[%emt 0:00:44]} 38. h3 {[%emt 0:00:08]} b5 {[%emt 0:00:00]} 39. a3 {[%emt 0:01:03]} a5 {[%emt 0:00:27]} 40. hxg4+ {[%emt 0:00:34]} Kg6 {[%emt 0:00:00]} 41. g5 {[%emt 0:00:54]} b4 {[%emt 0:00:00]} 42. axb4 {[%emt 0:00:00]} axb4 {[%emt 0:00:00]} 43. Kg4 {[%emt 0:00:00]} c3 {[%emt 0:00:00]} 44. bxc3 {[%emt 0:00:00]} bxc3 {[%emt 0:00:01]} 0-1

[Event "Eurasia Open Cup 2019"]
[Site "Ekaterinburg"]
[Date "2019.08.05"]
[Round "5.17"]
[White "Kabanov, Nikolai"]
[Black "Pogorelskikh, Sergey"]
[Result "1-0"]
[WhiteElo "2450"]
[BlackElo "2284"]
[Annotator "TA"]
[PlyCount "55"]
[EventDate "2019.07.31"]
[EventType "swiss"]
[EventCountry "RUS"]
[SourceTitle "playchess.com"]
[Source "ChessBase"]
[SourceQuality "1"]

{[%evp 21,55,44,47,43,60,56,64,32,39,43,38,39,39,35,42,21,45,43,30,29,35,44,83,83,90,75,62,62,97,75,89,80,80,41,875,868]} 1. d4 Nf6 2. c4 g6 3. Nc3 Bg7 4. e4 d6 5. h3 O-O 6. Be3 c5 7. Nf3 cxd4 8. Nxd4 Nc6 9. Be2 Nxd4 10. Bxd4 Bd7 11. O-O Bc6 12. Qc2 {B38: Sicilian: Maroczy Bind with 5...Bg7 and 7...0-0} Nd7 (12... a5 13. Rad1 Nd7 14. Bxg7 Kxg7 15. Bg4 Ne5 16. c5 Nxg4 17. hxg4 Qc8 18. cxd6 Qxg4 19. dxe7 Rfe8 {1-0 (43) Cheparinov,I (2711)-Amin,B (2709) Zagreb 2018}) 13. Bxg7 Kxg7 14. Rad1 {White is slightly better.} Qa5 $146 ({Predecessor:} 14... a5 15. Bg4 Qc7 16. Bxd7 Bxd7 17. Nd5 Qd8 18. Qc3+ Kg8 19. e5 dxe5 20. Qxe5 {1-0 (30) Pavlidis,A (2602)-Le Marec,S (2340) Orsay 2018}) 15. b3 Nf6 16. f4 Rac8 17. Qb2 Kg8 18. Bf3 Qc5+ 19. Kh1 a6 20. a4 e5 21. f5 gxf5 22. exf5 e4 23. Nxe4 Nxe4 24. Bxe4 Bxe4 {[#]} 25. Rf4 $1 $40 {[%cal Rf4g4][%mdl 128] [#] White wants a kill.} Bxg2+ $1 {[%mdl 512]} 26. Qxg2+ Kh8 27. Rg1 {[%csl Gg1][%cal Rg2g7]} Rg8 $2 {[%mdl 8192]} (27... Qe5 $14) 28. Rg4 {Accuracy: White = 71%, Black = 32%.} 1-0